Exercices et problemes resolus

Αποθηκεύτηκε σε:
Λεπτομέρειες βιβλιογραφικής εγγραφής
Κύριος συγγραφέας: Crestey, Maurice
Μορφή: Βιβλίο
Γλώσσα:French
Δημοσίευση: Paris : Dunod, 1972
Θέματα:
Ετικέτες: Προσθήκη ετικέτας
Δεν υπάρχουν, Καταχωρήστε ετικέτα πρώτοι!

MARC

LEADER 00000cam a2200000 i 4500
001 1/5326
008 100305m1972 fre d
035 |l 10107122 
040 |a GR-MY-UA  |b gre  |e aacr 
041 0 |a fre 
082 0 |a 510.76  |2 (22) 
100 1 |a Crestey, Maurice. 
245 1 0 |a Exercices et problemes resolus /  |c M. Crestey 
260 |a Paris :   |b Dunod,   |c 1972 
300 |a 2 τ.;  |b διαγρ.;  |c 24 εκ. 
500 |a Ο τ. 1. είναι η 2η έκδ. 
505 0 |a Τ. 1. Mathematiques superieures et M.P.1τ. 3. Mathematiques speciales et M.P.2 
650 0 0 |a Mathematics  |x Problems, exercises, etc. 
740 0 2 |a Mathematiques superieures et M.P.1 
740 0 2 |a Mathematiques speciales et M.P.2 
852 |a INST  |b SAMOS  |c MAG  |e 20100305  |h 510.76 CRE  |p 005300032237  |q 005300032237  |t BK  |v τ.3:  |y 0  |z τ.3 
852 |a INST  |b SAMOS  |c MAG  |e 20100305  |h 510.76 CRE  |p 005300032238  |q 005300032238  |t BK  |v τ.1:  |y 0  |z τ.1 
853 |a INST  |b SAMOS  |c MAG  |h 510.76 CRE 
901 |a BIBL3-2010-1 
909 |a Σ  |b 161968 
909 |a Σ  |b 161969 
970 |a ΣΙΤΖΙΜΗ  |b ΓΙΑΣΕΜΗ  |z 2010/03/05